[Event "RUS-ch U16"]
[Site "Dagomys"]
[Date "2004.04.??"]
[Round "?"]
[White "Imeev, Arslan"]
[Black "Bacherikov, Vitaly Valerievich"]
[Result "0-1"]
[WhiteElo "2042"]
[BlackElo "2136"]
[PlyCount "68"]
[EventDate "2004.04.??"]
[EventType "swiss"]
[EventRounds "10"]
[EventCountry "RUS"]
[SourceTitle "EXT 2005"]
[Source "ChessBase"]
[SourceDate "2004.11.15"]
[SourceVersion "1"]
[SourceVersionDate "2004.11.15"]
[SourceQuality "1"]

1. d4 d6 2. c4 e5 3. dxe5 dxe5 4. Qxd8+ Kxd8 5. e4 c6 6. Be3 Be6 7. Nc3 Bb4 8. 0-0-0+ Ke7 9. f4 Nf6 10. f5 Bc8 11. Nge2 Nbd7 12. g3 Bc5 13. Bg1 Bxg1 14. Nxg1 Nc5 15. Re1 Ng4 16. Nh3 g6 17. b4 Na6 18. fxg6 hxg6 19. a3 f6 20. Nd1 Be6 21. Ndf2 Kd6 22. Be2 Nh6 23. c5+ Ke7 24. Ng1 Nc7 25. Nf3 a5 26. Kb1 axb4 27. axb4 Ra4 28. Nd3 Rha8 29. Rc1 Ng4 30. Kc2 Bc4 31. Rb1 Ra2+ 32. Rb2 Bxd3+ 33. Bxd3 Rxb2+ 34. Kxb2 Nf2 0-1

[Event "RUS-ch U16"]
[Site "Dagomys"]
[Date "2004.04.??"]
[Round "?"]
[White "Imeev, Arslan"]
[Black "Li, Vladimir"]
[Result "0-1"]
[WhiteElo "2042"]
[BlackElo "2238"]
[PlyCount "56"]
[EventDate "2004.04.??"]
[EventType "swiss"]
[EventRounds "10"]
[EventCountry "RUS"]
[SourceTitle "EXT 2005"]
[Source "ChessBase"]
[SourceDate "2004.11.15"]
[SourceVersion "1"]
[SourceVersionDate "2004.11.15"]
[SourceQuality "1"]

1. d4 d5 2. c4 e6 3. Nc3 c6 4. Nf3 dxc4 5. a4 Bb4 6. Bd2 Nf6 7. e3 b5 8. axb5 Bxc3 9. Bxc3 cxb5 10. b3 a5 11. bxc4 Ne4 12. Bb2 b4 13. d5 0-0 14. Be2 exd5 15. cxd5 Bb7 16. Bc4 Nd7 17. Ba2 Ndf6 18. Bxf6 Nxf6 19. d6 Ra6 20. Bc4 Rxd6 21. Qa4 Bxf3 22. gxf3 Qc7 23. Rc1 Qb6 24. 0-0 Nd5 25. Ra1 Nc3 26. Qc2 Qc5 27. Bd3 Qg5+ 28. Kh1 Qh5 0-1

[Event "RUS-ch U16"]
[Site "Dagomys"]
[Date "2004.04.??"]
[Round "?"]
[White "Potapov, Alexey"]
[Black "Imeev, Arslan"]
[Result "1/2-1/2"]
[WhiteElo "2118"]
[BlackElo "2042"]
[PlyCount "60"]
[EventDate "2004.04.??"]
[EventType "swiss"]
[EventRounds "10"]
[EventCountry "RUS"]
[SourceTitle "EXT 2005"]
[Source "ChessBase"]
[SourceDate "2004.11.15"]
[SourceVersion "1"]
[SourceVersionDate "2004.11.15"]
[SourceQuality "1"]

1. e4 c5 2. Nf3 Nc6 3. Bb5 d6 4. 0-0 Bd7 5. c3 g6 6. d4 cxd4 7. cxd4 Bg7 8. Nc3 Nf6 9. h3 a6 10. Be2 e5 11. Bg5 h6 12. Be3 0-0 13. Qd2 Kh7 14. Rfd1 Qc7 15. Rac1 Rad8 16. Nd5 Qa5 17. Nxf6+ Bxf6 18. Qxa5 Nxa5 19. dxe5 dxe5 20. Bb6 Nc6 21. Bxd8 Rxd8 22. Bc4 Kg7 23. Bd5 Be8 24. a3 Rb8 25. Kf1 Ne7 26. Bc4 Bc6 27. Bd3 Nc8 28. b4 Nb6 29. Ke2 Re8 30. Ke3 Ba4 1/2-1/2

[Event "RUS-ch U16"]
[Site "Dagomys"]
[Date "2004.04.??"]
[Round "?"]
[White "Sjugirov, Sanan"]
[Black "Imeev, Arslan"]
[Result "1-0"]
[WhiteElo "2260"]
[BlackElo "2042"]
[PlyCount "68"]
[EventDate "2004.04.??"]
[EventType "swiss"]
[EventRounds "10"]
[EventCountry "RUS"]
[SourceTitle "EXT 2005"]
[Source "ChessBase"]
[SourceDate "2004.11.15"]
[SourceVersion "1"]
[SourceVersionDate "2004.11.15"]
[SourceQuality "1"]

1. e4 c5 2. Nf3 Nc6 3. d4 cxd4 4. Nxd4 Nf6 5. Nc3 e5 6. Ndb5 d6 7. Nd5 Nxd5 8. exd5 Nb8 9. c4 Be7 10. Be2 0-0 11. 0-0 Nd7 12. f3 a6 13. Nc3 Bg5 14. Bxg5 Qxg5 15. Qc1 Qe7 16. Qe3 f5 17. b4 Rf6 18. Na4 Rh6 19. Qf2 Qf7 20. f4 Rb8 21. fxe5 Nxe5 22. Nb6 Rf6 23. Qf4 Qc7 24. Qd4 Nd7 25. Nxd7 Bxd7 26. c5 Re8 27. Bf3 Ba4 28. Rac1 Rf7 29. Rfe1 Rfe7 30. Rxe7 Qxe7 31. cxd6 Qd7 32. Qf2 Rc8 33. Qe3 Re8 34. Qc3 Bb5 1-0